96th Academy Awards Nominations - Statistics

General Stats
  • This quiz has been taken 31 times
    13 since last reset
  • The average score is 22 of 53
Answer Stats
Category Film % Correct
Picture Barbie
100%
Picture Oppenheimer
100%
Picture Poor Things
100%
Picture Killers of the Flower Moon
89%
Picture American Fiction
78%
Visual Effects Godzilla Minus One
78%
Picture The Holdovers
78%
Picture Anatomy of a Fall
67%
Visual Effects Guardians of the Galaxy Vol. 3
67%
Animated Feature The Boy and the Heron
67%
Picture The Zone of Interest
67%
Animated Feature Elemental
56%
Picture Maestro
56%
Production Design Napoleon
56%
Animated Feature Nimona
56%
Animated Feature Spider-Man: Across the Spider-Verse
56%
Sound The Creator
56%
Score Indiana Jones and the Dial of Destiny
44%
International Feature Io Capitano
44%
Original Screenplay May December
44%
Sound Mission Impossible: Dead Reckoning Part One
44%
Lead Actress Nyad
44%
Picture Past Lives
44%
Lead Actor Rustin
44%
Song American Symphony
33%
Cinematography El Conde
33%
Song Flamin' Hot
33%
International Feature Perfect Days
33%
Animated Feature Robot Dreams
33%
International Feature Society of the Snow
33%
Live-Action Short The Wonderful Story of Henry Sugar
33%
Documentary Feature 20 Days in Mariupol
22%
Documentary Feature Four Daughters
22%
Makeup and Hairstyling Golda
22%
Live-Action Short Knight of Fortune
22%
Animated Short Letter to a Pig
22%
Documentary Short Nǎi Nai & Wài Pó
22%
Animated Short Pachyderme
22%
Live-Action Short Red, White and Blue
22%
Documentary Short The ABCs of Book Banning
22%
Supporting Actress The Color Purple
22%
Documentary Feature The Eternal Memory
22%
Documentary Short The Last Repair Shop
22%
International Feature The Teacher's Lounge
22%
Documentary Feature To Kill a Tiger
22%
Animated Short War Is Over! Inspired by the Music of John and Yoko
22%
Documentary Feature Bobi Wine: The People's President
11%
Live-Action Short Invincible
11%
Documentary Short Island in Between
11%
Animated Short Ninety-Five Senses
11%
Animated Short Our Uniform
11%
Live-Action Short The After
11%
Documentary Short The Barber of Little Rock
11%
No matching quizzes found
Score Distribution
Percent of People with Each Score
Percentile by Number Answered
Your Score History
You have not taken this quiz since the last reset